00394 2200157 4500001002100000008004100021035002000062245004500082100002300127250000600150260003200156084001400188082000800202650001400210990001200224INLIS000000000001537 ind  a0010-0125000035 aKamus Ilmiah SerapancA.KA. Kamarulzaman aA.KA. Kamarulzaman a1 aYogyakarta :bAbsolutc2005 a503 KAM k a503 aReferensi a0715286